Normal view
MARC view
Entry Personal Name
001 - CONTROL NUMBER
- control field: 1735
003 - CONTROL NUMBER IDENTIFIER
- control field: OSt
005 - DATE AND TIME OF LATEST TRANSACTION
- control field: 20220918105511.0
008 - FIXED-LENGTH DATA ELEMENTS
- fixed length control field: 220918|| aca||aabn | a|a d
040 ## - CATALOGING SOURCE
- Original cataloging agency: OSt
- Transcribing agency: OSt
100 ## - HEADING--PERSONAL NAME
- Personal name: वर्मा, रामचन्द्र
670 ## - SOURCE DATA FOUND
- Source citation: Work cat.: (OSt)107623: वर्मा, रामचन्द्र, संक्षिप्त हिन्दी शब्दसागर, 1987
